[Event "Tournoi Skype 023A"]
[Site "Skype"]
[Date "????.??.??"]
[Round "3.31"]
[White "Hague, Mark"]
[Black "Perez Fermin, Jose"]
[Result "1/2-1/2"]
[WhiteElo "1529"]
[BlackElo "1571"]
[PlyCount "55"]

1. d4 d5 2. Nf3 Bf5 3. e3 c6 4. Nh4 Bd7 5. Bd3 e5 6. g3 e4 7. Be2 Be7 8. Ng2
Nf6 9. Nc3 Qc7 10. Bd2 Bd6 11. Nf4 h6 12. Nh5 Nxh5 13. Bxh5 Bh3 14. Bg4 Bxg4
15. Qxg4 g6 16. O-O-O Nd7 17. f3 Nf6 18. Qh3 exf3 19. Qf1 Ne4 20. Kb1 O-O-O 21.
Qxf3 Nxd2+ 22. Rxd2 Bb4 23. Rd3 f5 24. a3 Be7 25. Na2 a5 26. a4 Rde8 27. Rc1
Qd6 28. c4 1/2-1/2

[Event "Tournoi Skype 023A"]
[Site "Skype"]
[Date "????.??.??"]
[Round "3.32"]
[White "Alvarez, Juan Evangelista"]
[Black "Carballo, Jorge"]
[Result "1-0"]
[WhiteElo "1568"]
[BlackElo "1508"]
[PlyCount "29"]

1. Nf3 d5 2. d4 Nf6 3. Qd3 Nc6 4. Nc3 Bg4 5. Ne5 Nxe5 6. dxe5 Nd7 7. Qxd5 c6 8.
Qd4 Bf5 9. e4 c5 10. Qa4 Be6 11. Be3 b6 12. O-O-O Qc7 13. f4 f6 14. f5 Bf7 15.
e6 1-0

[Event "Tournoi Skype 023A"]
[Site "Skype"]
[Date "????.??.??"]
[Round "3.33"]
[White "Martin, Jean-Claude"]
[Black "Mitrani, Alberto"]
[Result "0-1"]
[WhiteElo "1523"]
[BlackElo "1567"]
[PlyCount "68"]

1. d4 Nf6 2. c4 g6 3. Nc3 d5 4. Nf3 Bg7 5. Bg5 O-O 6. e3 c5 7. cxd5 Nxd5 8.
Nxd5 Qxd5 9. dxc5 Qxc5 10. Rc1 Qb4+ 11. Qd2 Qxd2+ 12. Nxd2 Bxb2 13. Rc2 Bf6 14.
Bxf6 exf6 15. Ne4 f5 16. Nd6 Nc6 17. Nxc8 Raxc8 18. Bb5 Nb4 19. Rxc8 Rxc8 20.
O-O Nxa2 21. h3 a6 22. Ra1 Rc2 23. Bd3 Rb2 24. Bc4 Nb4 25. Rd1 Nc6 26. Bd5 Ne7
27. e4 fxe4 28. Bxe4 f5 29. Rd8+ Kg7 30. Rd7 Kf6 31. Rxb7 Rxb7 32. Bxb7 a5 33.
Ba6 Ke5 34. Bc4 Kd4 0-1

[Event "Tournoi Skype 023A"]
[Site "Skype"]
[Date "????.??.??"]
[Round "3.34"]
[White "Chavero, Victor"]
[Black "Fouquereau, Andre"]
[Result "1-0"]
[WhiteElo "1565"]
[BlackElo "1488"]
[PlyCount "67"]

1. d4 d5 2. Nf3 Nf6 3. e3 c6 4. Bd3 Bf5 5. Bxf5 e6 6. Bd3 Bd6 7. Nbd2 Nbd7 8.
b3 O-O 9. Bb2 Re8 10. Ne5 Qc7 11. Ndf3 Be7 12. Ng5 Nxe5 13. dxe5 h6 14. Nf3 Ne4
15. O-O Qa5 16. a3 c5 17. Bxe4 dxe4 18. Nd2 Rad8 19. c3 c4 20. Nxc4 Qc5 21. Qe2
Rd3 22. Rfd1 Red8 23. Rxd3 exd3 24. Qf3 Qb5 25. Nd2 Qxe5 26. Qxb7 Bd6 27. Nf3
Qc5 28. Rd1 Rb8 29. Qd7 Rxb3 30. Bc1 Rb1 31. Nd2 Rb8 32. Ne4 Qa5 33. Qxd6 Rd8
34. Qb4 1-0

[Event "Tournoi Skype 023A"]
[Site "Skype"]
[Date "????.??.??"]
[Round "4.1"]
[White "Benson, Paul"]
[Black "Ibarra Cantu, Raul Alberto"]
[Result "1/2-1/2"]
[WhiteElo "2021"]
[BlackElo "1892"]
[PlyCount "69"]

1. d4 Nf6 2. Nc3 d5 3. Bg5 e6 4. e4 dxe4 5. Bxf6 Qxf6 6. Nxe4 Qd8 7. Nf3 Be7 8.
Qd2 Nd7 9. Bd3 O-O 10. O-O-O c6 11. Kb1 Qc7 12. Qe2 e5 13. Neg5 Bxg5 14. Nxg5
h6 15. h4 exd4 16. Qe4 Nf6 17. Qxd4 c5 18. Qc3 Bd7 19. Ne4 Nxe4 20. Bxe4 Rad8
21. Qf3 b5 22. g4 Be6 23. g5 Rxd1+ 24. Rxd1 hxg5 25. hxg5 Qe5 26. Qh1 g6 27.
Qh4 a5 28. Rh1 Rd8 29. Qh7+ Kf8 30. Qh8+ Qxh8 31. Rxh8+ Ke7 32. Rxd8 Kxd8 33.
a3 Kc7 34. Kc1 Kd6 35. Kd2 1/2-1/2

[Event "Tournoi Skype 023A"]
[Site "Skype"]
[Date "????.??.??"]
[Round "4.2"]
[White "Altinok, Selim"]
[Black "Silva, Rodrigo De Souza"]
[Result "1/2-1/2"]
[WhiteElo "1834"]
[BlackElo "1897"]
[PlyCount "28"]

1. d4 Nf6 2. Nf3 g6 3. Bf4 Bg7 4. c4 d5 5. e3 O-O 6. Nc3 c5 7. Bd3 cxd4 8. exd4
Nc6 9. h3 Be6 10. c5 Bf5 11. O-O Ne4 12. Bb5 Nxc3 13. bxc3 Qa5 14. Bxc6 bxc6
1/2-1/2

[Event "Tournoi Skype 023A"]
[Site "Skype"]
[Date "????.??.??"]
[Round "4.3"]
[White "Deville, Olivier"]
[Black "Grosso, Raul"]
[Result "1/2-1/2"]
[WhiteElo "1965"]
[BlackElo "1700"]
[PlyCount "149"]

1. d4 Nf6 2. c4 e5 3. dxe5 Ng4 4. Nf3 Bc5 5. e3 Nc6 6. Be2 O-O 7. O-O Ngxe5 8.
b3 d6 9. Bb2 Qe7 10. Nc3 Be6 11. Nd5 Bxd5 12. cxd5 Nxf3+ 13. Bxf3 Ne5 14. Be2
f5 15. Bd4 f4 16. Bxc5 dxc5 17. exf4 Rxf4 18. Bc4 Nxc4 19. bxc4 Re8 20. Qb3 b6
21. f3 Qe3+ 22. Qxe3 Rxe3 23. Rfe1 Rxe1+ 24. Rxe1 Rxc4 25. Re7 Rd4 26. Rxc7
Rxd5 27. Rxa7 c4 28. Rc7 b5 29. a4 bxa4 30. Rxc4 Ra5 31. Rc2 a3 32. Ra2 Kf7 33.
Kf2 Ke6 34. Ke3 Kd5 35. Kd3 h5 36. Kc3 h4 37. Kb3 Kd4 38. Kb4 Ra8 39. Kb3 Kd3
40. Kb4 Kd4 41. Kb3 Ke3 42. Kc4 h3 43. gxh3 Kxf3 44. Kd3 Re8 45. Kd4 Re4+ 46.
Kd5 Re3 47. Kd4 Kf4 48. h4 g6 49. Rg2 Re4+ 50. Kd5 Ra4 51. Ra2 Kg4 52. Ke5 Kxh4
53. Kf6 Kh5 54. Ke5 Kg4 55. Kf6 g5 56. Ke5 Kf3 57. Kf5 g4 58. Ke5 Ke3 59. Kd5
Kd3 60. Kc5 Kc3 61. Kb5 Kb3 62. Rg2 Rb4+ 63. Ka5 Rc4 64. Kb5 Rf4 65. Rg3+ Rf3
66. Rxg4 Rf5+ 67. Kc6 Rf2 68. Rg8 a2 69. Rb8+ Ka3 70. Ra8+ Kb2 71. Rb8+ Kc1 72.
Ra8 Kb1 73. h4 a1=Q 74. Rxa1+ Kxa1 75. Kd5 1/2-1/2

[Event "Tournoi Skype 023A"]
[Site "Skype"]
[Date "????.??.??"]
[Round "4.4"]
[White "Altinok, Kerim"]
[Black "Siret, Bernard"]
[Result "0-1"]
[WhiteElo "1822"]
[BlackElo "2045"]
[PlyCount "66"]

1. d4 d5 2. Nf3 h6 3. c4 e6 4. Nc3 Nf6 5. Bf4 Bb4 6. e3 O-O 7. Bd3 dxc4 8. Bxc4
Nd5 9. Bxd5 exd5 10. Qb3 a5 11. O-O c6 12. Ne5 Nd7 13. Nd3 Be7 14. Rac1 g5 15.
Bg3 h5 16. h3 Nf6 17. Ne5 h4 18. Bh2 Bd6 19. Rfd1 g4 20. hxg4 Nxg4 21. Nxg4
Bxg4 22. f3 Bxf3 23. gxf3 Qg5+ 24. Kh1 Bxh2 25. Kxh2 Qg3+ 26. Kh1 Qxf3+ 27. Kh2
Qg3+ 28. Kh1 Qh3+ 29. Kg1 Qxe3+ 30. Kf1 Qf3+ 31. Kg1 Kh8 32. Qc2 Rg8+ 33. Kh2
Rg3 0-1

[Event "Tournoi Skype 023A"]
[Site "Skype"]
[Date "????.??.??"]
[Round "4.5"]
[White "Karia, Vijay"]
[Black "Ortega, Elvis"]
[Result "1/2-1/2"]
[WhiteElo "1761"]
[BlackElo "1712"]
[PlyCount "81"]

1. e4 c5 2. Nc3 d6 3. f4 Nc6 4. Nf3 g6 5. Bb5 Bd7 6. Bxc6 Bxc6 7. O-O Bg7 8. d3
e6 9. Be3 Ne7 10. d4 b6 11. Re1 O-O 12. Qd2 Qc7 13. Rad1 Rfd8 14. Qf2 Rac8 15.
Qh4 a6 16. Ng5 h6 17. Nf3 Qb7 18. f5 exf5 19. Bxh6 fxe4 20. Bxg7 Kxg7 21. Ng5
Rh8 22. Qf2 Nf5 23. d5 Bb5 24. Ncxe4 Qe7 25. Qf4 Rce8 26. b3 Nd4 27. c4 Bd7 28.
Nxd6 Qxe1+ 29. Rxe1 Rxe1+ 30. Kf2 Re2+ 31. Kf1 f6 32. Nf3 Rxa2 33. Nxd4 cxd4
34. Ne4 Rf8 35. Qc7 Rf7 36. Qxb6 Bf5 37. Nd6 Bd3+ 38. Kg1 Re7 39. h3 Ree2 40.
Qc7+ Kh6 41. Nf7+ 1/2-1/2

[Event "Tournoi Skype 023A"]
[Site "Skype"]
[Date "????.??.??"]
[Round "4.6"]
[White "Aravena, Alvaro"]
[Black "Rico Hernandez, Edgar"]
[Result "0-1"]
[WhiteElo "1700"]
[BlackElo "1981"]
[PlyCount "78"]

1. e4 c6 2. d4 d5 3. Nd2 dxe4 4. Nxe4 Bf5 5. Nc3 e6 6. a3 Nf6 7. Nf3 Nbd7 8.
Be2 h6 9. h3 Bd6 10. Bd3 Bxd3 11. Qxd3 Rc8 12. O-O O-O 13. Be3 Qc7 14. Ne4 Nxe4
15. Qxe4 Nf6 16. Qd3 Rfd8 17. Qd2 Qe7 18. c3 c5 19. Rad1 a6 20. Rfe1 Rd7 21.
Bf4 Rcd8 22. Ne5 Bxe5 23. Rxe5 Rd5 24. Rde1 cxd4 25. Rxd5 Nxd5 26. Qxd4 Nxf4
27. Qxf4 Rd5 28. c4 Rd3 29. Qe4 Qd7 30. c5 Rd5 31. b4 Qc6 32. Qg4 Rg5 33. Qe4
Qd7 34. Qf3 Rd5 35. Qb3 Rd3 36. Qa2 Qd4 37. Rb1 Rd2 38. Qb3 Qxf2+ 39. Kh2 Qxg2#
0-1

[Event "Tournoi Skype 023A"]
[Site "Skype"]
[Date "????.??.??"]
[Round "4.7"]
[White "Martinez, Jose Abel"]
[Black "Hilton, Stephen"]
[Result "1-0"]
[WhiteElo "1664"]
[BlackElo "1880"]
[PlyCount "47"]

1. d4 Nf6 2. Nf3 g6 3. Bf4 Bg7 4. c3 O-O 5. Nbd2 b6 6. e4 Bb7 7. e5 Ne4 8. Bd3
Nxd2 9. Qxd2 d6 10. e6 fxe6 11. h4 Ba6 12. Bc2 Nd7 13. h5 Qe8 14. Bh6 Qf7 15.
hxg6 hxg6 16. Qg5 Qf6 17. Qg4 Bb7 18. Bxg6 Bxf3 19. gxf3 Rfd8 20. Bxg7 Kxg7 21.
Rh7+ Kf8 22. O-O-O e5 23. Rg1 exd4 24. Bh5 1-0

[Event "Tournoi Skype 023A"]
[Site "Skype"]
[Date "????.??.??"]
[Round "4.8"]
[White "Lambert, Pierre"]
[Black "Diaz, Jose Garcia"]
[Result "1/2-1/2"]
[WhiteElo "1868"]
[BlackElo "1749"]
[PlyCount "132"]

1. e4 c5 2. Nf3 d6 3. d4 cxd4 4. Nxd4 e5 5. Nb3 Nf6 6. Nc3 a6 7. a4 Be7 8. Be2
O-O 9. Be3 Be6 10. O-O Nc6 11. f3 d5 12. exd5 Nxd5 13. Nxd5 Qxd5 14. Qxd5 Bxd5
15. c4 Be6 16. Rfd1 Rfd8 17. Bb6 Rxd1+ 18. Rxd1 g6 19. Nc5 Bxc5+ 20. Bxc5 Rd8
21. Rxd8+ Nxd8 22. b4 Nc6 23. b5 Na5 24. bxa6 bxa6 25. Bb4 Bxc4 26. Bxc4 Nxc4
27. a5 f5 28. Kf2 Kf7 29. Ke2 Ke6 30. Kd3 Kd5 31. g3 e4+ 32. fxe4+ fxe4+ 33.
Ke2 Ne5 34. h3 Nf3 35. Ke3 Ng1 36. h4 Nf3 37. Be7 Nd4 38. Bd8 Nf5+ 39. Kf2 e3+
40. Kf3 Kd4 41. g4 Nxh4+ 42. Bxh4 h6 43. Ke2 h5 44. gxh5 gxh5 45. Bg5 Kc4 46.
Kxe3 Kb5 47. Bd8 Kc6 48. Kf4 Kb5 49. Kg5 h4 50. Kxh4 Kc6 51. Kg5 Kb5 52. Kf6
Kc6 53. Ke6 Kb7 54. Kd7 Kb8 55. Kc6 Ka7 56. Bc7 Ka8 57. Bb6 Kb8 58. Bc5 Ka8 59.
Kb6 Kb8 60. Kxa6 Ka8 61. Kb6 Kb8 62. Bd6+ Ka8 63. Kc7 Ka7 64. Bc5+ Ka8 65. Kb6
Kb8 66. a6 Ka8 1/2-1/2

[Event "Tournoi Skype 023A"]
[Site "Skype"]
[Date "????.??.??"]
[Round "4.9"]
[White "Rugman, Dan"]
[Black "Lopez, Jose Luis"]
[Result "0-1"]
[WhiteElo "1664"]
[BlackElo "1865"]
[PlyCount "46"]

1. e4 c5 2. Nf3 g6 3. d4 cxd4 4. Nxd4 Bg7 5. Be3 Nc6 6. Nc3 Nf6 7. Be2 O-O 8.
O-O d5 9. Nxd5 Nxe4 10. Nxc6 bxc6 11. Nb4 Qxd1 12. Raxd1 Bxb2 13. Nxc6 Bf6 14.
Bf3 Nc3 15. Rd2 Ba6 16. Re1 Nxa2 17. Nxe7+ Bxe7 18. Bxa8 Rxa8 19. Ra1 Bc4 20.
Rd7 Bf6 21. Rb1 a5 22. Rbb7 Nb4 23. h3 Nxc2 0-1

[Event "Tournoi Skype 023A"]
[Site "Skype"]
[Date "????.??.??"]
[Round "4.11"]
[White "Segura Lozano, Marcos Antonio"]
[Black "Murgia, Stefano"]
[Result "1/2-1/2"]
[WhiteElo "1804"]
[BlackElo "1728"]
[PlyCount "54"]

1. d4 f5 2. c4 Nf6 3. Nc3 g6 4. g3 d6 5. Bg2 Bg7 6. Nf3 O-O 7. O-O Qe8 8. d5
Na6 9. Be3 Bd7 10. Rb1 Nc5 11. Bxc5 dxc5 12. Qc2 Rd8 13. b4 cxb4 14. Rxb4 b6
15. Nb5 Rc8 16. Nxa7 Ra8 17. Nb5 Qc8 18. Nbd4 Kh8 19. Rd1 Ne4 20. h4 h6 21. e3
Qa6 22. Ra1 c5 23. dxc6 Bxc6 24. a4 Bb7 25. Ra2 Nc5 26. Ne1 Bxg2 27. Nxg2 Rfd8
1/2-1/2

[Event "Tournoi Skype 023A"]
[Site "Skype"]
[Date "????.??.??"]
[Round "4.12"]
[White "Ramirez Reina, Orlando"]
[Black "Martinez Quintero, Javier"]
[Result "0-1"]
[WhiteElo "1432"]
[BlackElo "1779"]
[PlyCount "48"]

1. e4 c5 2. Nf3 g6 3. d4 cxd4 4. Nxd4 Bg7 5. Nc3 Nc6 6. Be3 Nf6 7. Bc4 O-O 8.
O-O a6 9. Bb3 b5 10. f3 Bb7 11. Nxc6 Bxc6 12. Bd4 e6 13. Qe1 d5 14. exd5 Nxd5
15. Bxg7 Kxg7 16. Rd1 Qb6+ 17. Kh1 Ne3 18. Qf2 Qa7 19. Rd6 Nxf1 20. Qxf1 Qc7
21. Qd1 Rad8 22. Rxd8 Rxd8 23. Qe2 Qf4 24. g3 Bxf3+ 0-1

[Event "Tournoi Skype 023A"]
[Site "Skype"]
[Date "????.??.??"]
[Round "4.13"]
[White "Saponara, Jose Maria"]
[Black "Vasquez, Oscar"]
[Result "1-0"]
[WhiteElo "1779"]
[BlackElo "1716"]
[PlyCount "82"]

1. e4 e5 2. Nf3 Nc6 3. d4 exd4 4. Nxd4 Ne5 5. Nc3 Nf6 6. f4 Ng6 7. e5 Ng8 8.
Nf3 Bc5 9. Bc4 Nh6 10. Ne4 Be7 11. Be3 O-O 12. Qd2 Nf5 13. Bf2 c6 14. O-O-O b5
15. Bd3 Nfh4 16. Nxh4 Nxh4 17. Bxh4 Bxh4 18. g3 Be7 19. h4 a5 20. Ng5 h6 21.
Qh2 d6 22. exd6 Bxd6 23. Nf3 Bg4 24. Be2 Qc7 25. Rd2 Bc5 26. Kb1 Be3 27. Rd3
Qb6 28. Ne5 Bf5 29. Nd7 Bxd7 30. Rxd7 Rad8 31. Rd3 Rd5 32. Qg2 Rfd8 33. Rhd1
Rxd3 34. Bxd3 Re8 35. Qf3 Bf2 36. Be4 Rc8 37. Rd2 Bxg3 38. Qxg3 c5 39. Qd3 c4
40. Qd6 Qxd6 41. Rxd6 Kf8 1-0

[Event "Tournoi Skype 023A"]
[Site "Skype"]
[Date "????.??.??"]
[Round "4.14"]
[White "Pena, Eduin"]
[Black "Calcino, Luis"]
[Result "1-0"]
[WhiteElo "1764"]
[BlackElo "1714"]
[PlyCount "73"]

1. e4 e5 2. Nf3 Nc6 3. Bb5 a6 4. Ba4 Nf6 5. d3 b5 6. Bb3 d6 7. c3 Be6 8. Bc2 h6
9. O-O g6 10. d4 exd4 11. cxd4 Nb4 12. Nc3 Nxc2 13. Qxc2 Bg7 14. Be3 O-O 15. h3
g5 16. Qd2 b4 17. Ne2 Nxe4 18. Qxb4 f5 19. Nc3 Nxc3 20. Qxc3 f4 21. Bd2 c5 22.
Qd3 Qb6 23. Bc3 Qb5 24. Qg6 Rf6 25. Qc2 Bf5 26. Qd2 Rff8 27. Rac1 Bd3 28. a4
Qxa4 29. Qxd3 c4 30. Qg6 Qd7 31. d5 Rac8 32. Bxg7 Qxg7 33. Qe6+ Kh7 34. Qxd6
Rfd8 35. Qxa6 Qxb2 36. Rxc4 Rb8 37. Rc7+ 1-0

[Event "Tournoi Skype 023A"]
[Site "Skype"]
[Date "????.??.??"]
[Round "4.16"]
[White "Engstrom, Olle"]
[Black "Junqueira, Leonardo De Faria"]
[Result "0-1"]
[WhiteElo "1749"]
[BlackElo "1487"]
[PlyCount "68"]

1. e4 d5 2. exd5 Qxd5 3. Nc3 Qa5 4. d4 Nf6 5. Bc4 c6 6. Nf3 Bg4 7. O-O e6 8.
Bd2 Qc7 9. h3 Bh5 10. Re1 Bd6 11. Ne4 Nxe4 12. Rxe4 O-O 13. Rh4 Bg6 14. c3 Nd7
15. Qe2 Nf6 16. Re1 Rfe8 17. Ne5 Bxe5 18. dxe5 Nd7 19. f4 Rad8 20. Be3 Nb6 21.
Bb3 Rd7 22. Bc5 Qd8 23. Qg4 h5 24. Qg3 Rd3 25. Re3 Rxe3 26. Bxe3 Qd3 27. Qf2
Rd8 28. Bxb6 axb6 29. Qxb6 Qb1+ 30. Kh2 Rd2 31. Qxb7 Qxb2 32. Qxc6 Rf2 33. Qe8+
Kh7 34. Qc6 Rxg2+ 0-1

[Event "Tournoi Skype 023A"]
[Site "Skype"]
[Date "????.??.??"]
[Round "4.17"]
[White "Yardimci, Ertan"]
[Black "Sanchez, Carlos"]
[Result "0-1"]
[WhiteElo "1554"]
[BlackElo "1744"]
[PlyCount "86"]

1. d4 Nf6 2. Nf3 e6 3. c4 b6 4. g3 Ba6 5. b3 Bb4+ 6. Bd2 Be7 7. Bg2 Bb7 8. Nc3
c5 9. e3 Nc6 10. O-O d5 11. cxd5 Nxd5 12. dxc5 Bxc5 13. Nxd5 Qxd5 14. Bc3 Qxd1
15. Rfxd1 f6 16. Nd4 Nxd4 17. Bxd4 Bxd4 18. Rxd4 Bxg2 19. Kxg2 Ke7 20. Rad1
Rhd8 21. Rxd8 Rxd8 22. Rxd8 Kxd8 23. Kf3 Kd7 24. Ke4 Kc6 25. Kd4 Kd6 26. f4 f5
27. h3 h6 28. h4 h5 29. a3 a6 30. b4 b5 31. e4 g6 32. Kd3 e5 33. exf5 gxf5 34.
Ke3 e4 35. Kd4 Ke6 36. Ke3 Kd5 37. Kd2 Kd4 38. Kd1 Ke3 39. Ke1 Kf3 40. Kf1 Kxg3
41. Kg1 e3 42. Kf1 Kf3 43. Ke1 e2 0-1

[Event "Tournoi Skype 023A"]
[Site "Skype"]
[Date "????.??.??"]
[Round "4.18"]
[White "Bendre, Pankaj"]
[Black "Casey, Eamonn"]
[Result "1-0"]
[WhiteElo "1540"]
[BlackElo "1725"]
[PlyCount "37"]

1. e4 e6 2. d4 d5 3. e5 c5 4. c3 Nc6 5. Nf3 cxd4 6. cxd4 Bb4+ 7. Bd2 Bxd2+ 8.
Nbxd2 Qb6 9. Nb3 Nge7 10. a3 O-O 11. Bd3 Bd7 12. O-O f5 13. Qc2 Rac8 14. Nc5
Nxe5 15. Nxe5 Bb5 16. Bxb5 Qxb5 17. Qd2 Rf6 18. Ned7 Rg6 19. a4 1-0

[Event "Tournoi Skype 023A"]
[Site "Skype"]
[Date "????.??.??"]
[Round "4.19"]
[White "Castillo, Jesus"]
[Black "Thoune, Jim"]
[Result "1-0"]
[WhiteElo "1460"]
[BlackElo "1674"]
[PlyCount "69"]

1. e4 e6 2. d4 d5 3. exd5 exd5 4. Nf3 a6 5. Be2 g6 6. O-O Bg7 7. Re1 Ne7 8. Nc3
O-O 9. Bg5 Nbc6 10. Qd2 Be6 11. Rad1 Re8 12. Bh6 Qd6 13. Bf4 Qd7 14. a3 Nf5 15.
Ne5 Nxe5 16. Bxe5 f6 17. Bf4 Rad8 18. a4 Nd6 19. Bh6 Nc4 20. Bxc4 dxc4 21. d5
Bf5 22. Bxg7 Rxe1+ 23. Rxe1 Qxg7 24. h3 g5 25. g4 Bg6 26. Re2 Qf7 27. Qd4 c6
28. Qxc4 cxd5 29. Qd4 f5 30. Rd2 fxg4 31. hxg4 Qf3 32. Nxd5 Kf7 33. Qc4 b5 34.
axb5 axb5 35. Qc7+ 1-0

[Event "Tournoi Skype 023A"]
[Site "Skype"]
[Date "????.??.??"]
[Round "4.20"]
[White "Galani, Mahendra"]
[Black "Trivedi, Viral"]
[Result "0-1"]
[WhiteElo "1469"]
[BlackElo "1670"]
[PlyCount "48"]

1. b3 d5 2. d4 e6 3. Bb2 Bd6 4. Nf3 f5 5. Ne5 Nd7 6. Nd2 b6 7. Ndf3 Bb7 8. Qd2
Ngf6 9. Ng5 Qe7 10. Ngf7 Ne4 11. Qe3 Rf8 12. Nxd6+ Qxd6 13. f3 f4 14. Qc1 Ng5
15. e3 Nxe5 16. dxe5 Qe7 17. exf4 Nxf3+ 18. gxf3 Qh4+ 19. Ke2 Rxf4 20. Bg2 Ba6+
21. Kd2 Qf2+ 22. Kd1 Be2+ 23. Kd2 Bf1+ 24. Kd1 Qe2# 0-1

[Event "Tournoi Skype 023A"]
[Site "Skype"]
[Date "????.??.??"]
[Round "4.21"]
[White "Sepulveda, Lyda Marcela"]
[Black "Chavero, Victor"]
[Result "1-0"]
[WhiteElo "1649"]
[BlackElo "1565"]
[PlyCount "49"]

1. e4 d6 2. d4 g6 3. c4 Bg7 4. Ne2 e5 5. d5 Nf6 6. Nd2 O-O 7. Ng3 Nxe4 8. Ndxe4
Nd7 9. Bd3 c6 10. O-O Qb6 11. Nxd6 cxd5 12. Nxc8 Raxc8 13. cxd5 Nf6 14. Ne4
Rfe8 15. Be3 Qa5 16. Nd6 Rcd8 17. Nxe8 Nxe8 18. Be4 f5 19. Bc2 Nf6 20. Bb3 e4
21. Bg5 Kf7 22. Re1 Rd6 23. Rc1 Nxd5 24. Bd2 Bxb2 25. Bxa5 1-0

[Event "Tournoi Skype 023A"]
[Site "Skype"]
[Date "????.??.??"]
[Round "4.23"]
[White "Yeter, Orhan"]
[Black "Levantini, Claudio"]
[Result "0-1"]
[WhiteElo "1615"]
[BlackElo "1532"]
[PlyCount "108"]

1. e4 Nf6 2. e5 Nd5 3. d4 d6 4. c4 Nb6 5. f4 dxe5 6. fxe5 Nc6 7. Nf3 Bg4 8. Be3
e6 9. Be2 Be7 10. O-O Qd7 11. Nc3 O-O-O 12. a4 Bxf3 13. Bxf3 Nxc4 14. Bxc6 Qxc6
15. d5 exd5 16. Bxa7 Bc5+ 17. Bxc5 Qxc5+ 18. Rf2 Nxe5 19. b4 Qxc3 20. Rc2 Qxb4
21. Rb1 Qa5 22. Rb5 Qa7+ 23. Kh1 Rd7 24. Qe1 Nc6 25. Rcb2 b6 26. Qb1 Qxa4 27.
Ra2 Qe4 28. Ra8+ Nb8 29. Qa1 d4 30. Rb4 Re8 31. Rb1 Rde7 32. Rf1 c6 33. Qa6+
Rb7 34. Rxf7 Qb1+ 35. Rf1 Re1 36. Kg1 Rxf1+ 37. Qxf1 Qxf1+ 38. Kxf1 Re7 39. Ra1
c5 40. Rb1 Kc7 41. Ra1 Kc6 42. Ra8 Kb7 43. Ra1 Nc6 44. h4 c4 45. Rb1 Ka6 46.
Ra1+ Na5 47. Ra4 b5 48. Ra1 d3 49. Rd1 b4 50. Rd2 Kb5 51. Rf2 c3 52. Rf5+ Ka4
53. Rd5 d2 54. Rd3 Re1+ 0-1

[Event "Tournoi Skype 023A"]
[Site "Skype"]
[Date "????.??.??"]
[Round "4.24"]
[White "Perrone, Gabriel Lorenzo"]
[Black "L'Herbon De Lussats, Jean"]
[Result "1-0"]
[WhiteElo "1523"]
[BlackElo "1614"]
[PlyCount "102"]

1. d4 Nf6 2. c4 g6 3. Nf3 Bg7 4. Nc3 c6 5. e4 d5 6. cxd5 cxd5 7. Bd3 Nc6 8. e5
Ng4 9. h3 Nh6 10. Bf4 f6 11. Qd2 Nf5 12. Bc2 O-O 13. O-O-O fxe5 14. dxe5 e6 15.
g4 Nfe7 16. h4 Rf7 17. h5 Qf8 18. Ne2 b6 19. Ng5 Bxe5 20. Nxf7 Qxf7 21. hxg6
Nxg6 22. Bxg6 Qxg6 23. Bxe5 Nxe5 24. Qh6 Ba6 25. Nf4 Qe4 26. Qxe6+ Kf8 27. Qf6+
Kg8 28. Qe6+ Kf8 29. Qd6+ Kg8 30. Qxd5+ Qxd5 31. Nxd5 Nd3+ 32. Kb1 Nxf2 33. Nc7
Nxh1 34. Nxa8 Bb7 35. Rd8+ Kg7 36. Rd7+ Kg6 37. Rxb7 Nf2 38. g5 Ne4 39. Rxa7
Nxg5 40. Nxb6 h5 41. Nd5 Nh3 42. Ra6+ Kg5 43. Ra4 h4 44. Ne3 Nf2 45. Ra5+ Kf4
46. Ng2+ Kg4 47. Nxh4 Kxh4 48. b4 Kg4 49. b5 Kf5 50. b6+ Ke6 51. b7 Kd6 1-0

[Event "Tournoi Skype 023A"]
[Site "Skype"]
[Date "????.??.??"]
[Round "4.25"]
[White "Vello, Pablo"]
[Black "Salazar Ticeran, Antonio"]
[Result "1/2-1/2"]
[WhiteElo "1517"]
[BlackElo "1612"]
[PlyCount "69"]

1. d4 d5 2. Bf4 Bf5 3. e3 e6 4. Nf3 Nf6 5. h3 h6 6. Nbd2 Nbd7 7. Be2 Be7 8. O-O
O-O 9. Rc1 c5 10. c3 c4 11. Ne5 Nxe5 12. Bxe5 Nd7 13. Bh2 b5 14. b3 Qa5 15.
bxc4 bxc4 16. Bf3 Rac8 17. e4 dxe4 18. Bxe4 Bxe4 19. Nxe4 Nb6 20. Qc2 Ba3 21.
Bd6 Bxd6 22. Nxd6 Rc6 23. Nb7 Qd5 24. Nc5 f5 25. Rfe1 Rf6 26. Re5 Qd8 27. Rce1
Qc8 28. Qe2 Kf7 29. Qh5+ Kg8 30. Qe2 Kf7 31. Qh5+ Kf8 32. Qe2 Kf7 33. Qh5+ Kg8
34. Qe2 Kf7 35. Qh5+ 1/2-1/2

[Event "Tournoi Skype 023A"]
[Site "Skype"]
[Date "????.??.??"]
[Round "4.26"]
[White "Kruk, Clementine"]
[Black "Mordaa, Ahmad"]
[Result "0-1"]
[WhiteElo "1594"]
[BlackElo "1496"]
[PlyCount "38"]

1. e4 e5 2. Nf3 Nc6 3. Bc4 Bc5 4. c3 Nf6 5. d4 exd4 6. e5 Ng4 7. cxd4 Nxd4 8.
Nxd4 Nxe5 9. Bb3 O-O 10. Nc3 Re8 11. O-O c6 12. Re1 d5 13. Bc2 Bg4 14. Qd2 Nc4
15. Rxe8+ Qxe8 16. Qd3 Qe1+ 17. Qf1 Qxf1+ 18. Kxf1 Bxd4 19. Bd2 Nxd2+ 0-1

[Event "Tournoi Skype 023A"]
[Site "Skype"]
[Date "????.??.??"]
[Round "4.27"]
[White "Marino, Giuseppe"]
[Black "Alvarez, Juan Evangelista"]
[Result "1/2-1/2"]
[WhiteElo "1374"]
[BlackElo "1568"]
[PlyCount "29"]

1. d4 d5 2. Nf3 Qd6 3. e3 Nc6 4. a3 Bf5 5. Bd3 e6 6. b3 O-O-O 7. Bxf5 exf5 8.
Ng5 Qg6 9. h4 h6 10. Nf3 Qxg2 11. Rg1 Qh3 12. Rg3 Qh1+ 13. Rg1 Qh3 14. Rg3 Qh1+
15. Rg1 1/2-1/2

[Event "Tournoi Skype 023A"]
[Site "Skype"]
[Date "????.??.??"]
[Round "4.28"]
[White "Mitrani, Alberto"]
[Black "Bhandari, Dattatrey"]
[Result "1/2-1/2"]
[WhiteElo "1567"]
[BlackElo "1381"]
[PlyCount "99"]

1. d4 Nf6 2. Nf3 d6 3. e3 a6 4. Bd3 Bg4 5. Nbd2 Nc6 6. b3 b5 7. Bb2 Nb4 8. Be2
Bf5 9. O-O Nxc2 10. Qc1 Nb4 11. a3 Nd3 12. Bxd3 Bxd3 13. Qc6+ Nd7 14. Rfc1 Ra7
15. e4 Be2 16. d5 Bxf3 17. Nxf3 Qa8 18. Qxa8+ Rxa8 19. Rxc7 Nc5 20. Nd2 Nd3 21.
Bd4 Rg8 22. Nf3 Nf4 23. Kf1 f6 24. Rac1 e5 25. Ba7 Be7 26. R1c6 Kd8 27. Bb6 Ke8
28. Rb7 Rf8 29. Ba7 h6 30. Rxa6 Rc8 31. Rc6 Rxc6 32. dxc6 Kf7 33. c7 Rc8 34.
Bb6 Ke8 35. Rb8 Kd7 36. Ba5 Ne6 37. Rxb5 Nxc7 38. Rb7 Kc6 39. Rb6+ Kd7 40. b4
Bd8 41. Rb7 Ke8 42. a4 Ne6 43. Bxd8 Kxd8 44. Ke2 Rc2+ 45. Ke3 Rc3+ 46. Kd2 Ra3
47. a5 Kc8 48. Re7 Ra2+ 49. Ke3 Ra3+ 50. Kd2 1/2-1/2

[Event "Tournoi Skype 023A"]
[Site "Skype"]
[Date "????.??.??"]
[Round "4.29"]
[White "Fernandez Cabello, Emilio"]
[Black "Aranzubia, Desiderio"]
[Result "1/2-1/2"]
[WhiteElo "1646"]
[BlackElo "1506"]
[PlyCount "29"]

1. d4 d5 2. Nf3 Nf6 3. Bf4 Bf5 4. e3 e6 5. Bd3 Bxd3 6. cxd3 Bd6 7. Ne5 Nbd7 8.
Nxd7 Qxd7 9. Be5 Qe7 10. O-O Bxe5 11. dxe5 Nd7 12. d4 c5 13. Nc3 c4 14. Nb5 O-O
15. Nd6 1/2-1/2

[Event "Tournoi Skype 023A"]
[Site "Skype"]
[Date "????.??.??"]
[Round "4.30"]
[White "Le Brun, Yves"]
[Black "Sauvaget, Joel"]
[Result "0-1"]
[WhiteElo "1488"]
[BlackElo "1548"]
[PlyCount "84"]

1. e4 e5 2. Nf3 d6 3. h3 Nf6 4. Nc3 Nc6 5. d3 Be7 6. Be3 O-O 7. Qd2 a6 8. g4 b5
9. Rg1 Be6 10. Ng5 Bd7 11. Nd5 h6 12. Nxf6+ Bxf6 13. Nf3 a5 14. g5 hxg5 15.
Bxg5 Bxg5 16. Nxg5 Nd4 17. O-O-O f6 18. c3 Ne6 19. Nxe6 Bxe6 20. b3 a4 21. Qb2
axb3 22. axb3 c5 23. Kc2 b4 24. c4 Qc7 25. h4 Ra7 26. Be2 Rfa8 27. Ra1 Ra3 28.
Rxa3 Rxa3 29. h5 Bf7 30. Bg4 Qa7 31. Rb1 Kh7 32. f3 Qe7 33. Rh1 Be6 34. Kc1 Qa7
35. Kb1 Bxg4 36. fxg4 Qd7 37. Rg1 Qd8 38. Kc2 Qa8 39. Kb1 Qh8 40. g5 fxg5 41.
Rxg5 Qd8 42. Qc1 Rxb3+ 0-1

[Event "Tournoi Skype 023A"]
[Site "Skype"]
[Date "????.??.??"]
[Round "4.31"]
[White "Khetre, Gaurav"]
[Black "Hague, Mark"]
[Result "1-0"]
[WhiteElo "1742"]
[BlackElo "1529"]
[PlyCount "47"]

1. d4 b6 2. e4 d6 3. c4 e6 4. Nc3 Nd7 5. Bd3 Bb7 6. Be3 g6 7. Qd2 Bg7 8. Nge2
Qe7 9. f3 O-O-O 10. b4 f5 11. a4 a6 12. c5 dxc5 13. dxc5 bxc5 14. b5 Nb8 15.
Qc2 Nf6 16. O-O Nfd7 17. Rab1 Rdf8 18. Qb3 fxe4 19. Bxe4 Bxe4 20. Nxe4 axb5 21.
Qxb5 Rf5 22. Rfd1 c6 23. Qb7+ Kd8 24. Qxb8# 1-0